<?xml version="1.0" encoding="UTF-8"?>
<record
    xmlns:xsi="http://www.w3.org/2001/XMLSchema-instance"
    xsi:schemaLocation="http://www.loc.gov/MARC21/slim http://www.loc.gov/standards/marcxml/schema/MARC21slim.xsd"
    xmlns="http://www.loc.gov/MARC21/slim">

  <leader>01015nam a22002537a 4500</leader>
  <controlfield tag="005">20170124103027.0</controlfield>
  <datafield tag="010" ind1=" " ind2=" ">
    <subfield code="a">B-069310</subfield>
  </datafield>
  <datafield tag="020" ind1=" " ind2=" ">
    <subfield code="c">70.00</subfield>
    <subfield code="a">8123009976</subfield>
  </datafield>
  <datafield tag="035" ind1=" " ind2=" ">
    <subfield code="a">B-069310</subfield>
  </datafield>
  <datafield tag="037" ind1=" " ind2=" ">
    <subfield code="b">Cen Lib/Ret</subfield>
  </datafield>
  <datafield tag="040" ind1=" " ind2=" ">
    <subfield code="a">DPL</subfield>
    <subfield code="b">HN</subfield>
  </datafield>
  <datafield tag="082" ind1=" " ind2=" ">
    <subfield code="a">841.08</subfield>
    <subfield code="b">&#x935;&#x93E;&#x928;&#x916;</subfield>
  </datafield>
  <datafield tag="100" ind1=" " ind2=" ">
    <subfield code="a">&#x935;&#x93E;&#x928;&#x916;&#x921;&#x93C;&#x947; </subfield>
    <subfield code="9">500</subfield>
  </datafield>
  <datafield tag="245" ind1=" " ind2=" ">
    <subfield code="a">&#x939;&#x92E;&#x93E;&#x930;&#x947; &#x92E;&#x941;&#x938;&#x94D;&#x932;&#x93F;&#x92E; &#x938;&#x902;&#x924; &#x915;&#x935;&#x93F;  /</subfield>
    <subfield code="c">&#x935;&#x93E;&#x928;&#x916;&#x921;&#x93C;&#x947; </subfield>
  </datafield>
  <datafield tag="246" ind1=" " ind2=" ">
    <subfield code="a">Hamare muslim sant kavi  </subfield>
    <subfield code="b">by Vankhade </subfield>
  </datafield>
  <datafield tag="260" ind1=" " ind2=" ">
    <subfield code="a">&#x928;&#x908; &#x926;&#x93F;&#x932;&#x94D;&#x932;&#x940; </subfield>
    <subfield code="b">&#x92A;&#x94D;&#x930;&#x915;&#x93E;&#x936;&#x928; &#x935;&#x93F;&#x92D;&#x93E;&#x917; </subfield>
    <subfield code="c">2002</subfield>
  </datafield>
  <datafield tag="270" ind1=" " ind2=" ">
    <subfield code="a">&#x92A;&#x91F;&#x93F;&#x92F;&#x93E;&#x932;&#x93E;  &#x939;&#x93E;&#x909;&#x938; </subfield>
    <subfield code="b">&#x928;&#x908; &#x926;&#x93F;&#x932;&#x94D;&#x932;&#x940;  </subfield>
    <subfield code="e">110001</subfield>
  </datafield>
  <datafield tag="300" ind1=" " ind2=" ">
    <subfield code="a">102&#x92A;&#x943;&#x937;&#x94D;&#x920;. </subfield>
    <subfield code="c">21&#x938;&#x947;&#x92E;&#x940;(&#x938;&#x91C;&#x93F;&#x932;&#x94D;&#x926;)</subfield>
  </datafield>
  <datafield tag="650" ind1=" " ind2=" ">
    <subfield code="a">&#x939;&#x93F;&#x902;&#x926;&#x940; &#x938;&#x93E;&#x939;&#x93F;&#x924;&#x94D;&#x92F; </subfield>
    <subfield code="9">62590</subfield>
  </datafield>
  <datafield tag="650" ind1=" " ind2=" ">
    <subfield code="a">&#x938;&#x902;&#x924; &#x915;&#x93E;&#x935;&#x94D;&#x92F; - &#x92E;&#x941;&#x938;&#x94D;&#x932;&#x93F;&#x92E; &#x915;&#x935;&#x93F; </subfield>
    <subfield code="9">62591</subfield>
  </datafield>
  <datafield tag="650" ind1=" " ind2=" ">
    <subfield code="a">hindi literature</subfield>
    <subfield code="9">62592</subfield>
  </datafield>
  <datafield tag="650" ind1=" " ind2=" ">
    <subfield code="a">Saint Poetry - Muslim poet</subfield>
    <subfield code="9">62593</subfield>
  </datafield>
  <datafield tag="942" ind1=" " ind2=" ">
    <subfield code="2">ddc</subfield>
    <subfield code="c">HN</subfield>
    <subfield code="h">841.08</subfield>
    <subfield code="m">&#x935;&#x93E;&#x928;&#x916;</subfield>
  </datafield>
  <datafield tag="999" ind1=" " ind2=" ">
    <subfield code="c">115660</subfield>
    <subfield code="d">115660</subfield>
  </datafield>
  <datafield tag="952" ind1=" " ind2=" ">
    <subfield code="0">0</subfield>
    <subfield code="1">0</subfield>
    <subfield code="4">0</subfield>
    <subfield code="7">0</subfield>
    <subfield code="a">L</subfield>
    <subfield code="b">L</subfield>
    <subfield code="d">2015-08-21</subfield>
    <subfield code="e">Cen Lib/Ret</subfield>
    <subfield code="g">70.00</subfield>
    <subfield code="l">2</subfield>
    <subfield code="o">841.08 &#x935;&#x93E;&#x928;&#x916;</subfield>
    <subfield code="p">B-069310</subfield>
    <subfield code="r">2023-02-03 00:00:00</subfield>
    <subfield code="s">2023-01-02</subfield>
    <subfield code="t">Cen Lib/Ret</subfield>
    <subfield code="v">70.00</subfield>
    <subfield code="w">2015-08-21</subfield>
    <subfield code="y">HN</subfield>
  </datafield>
</record>
